000 01087nam a22003017a 4500
999 _c13761
_d13761
003 MIRAKIL
005 20211214000618.0
008 200210b tu ||||| |||| 00| 0 tur d
020 _a9789755339115
040 _aTR-AnCHP
_cTR-AnCHP
041 _atur
082 _a320.9561
_bE62o 2018
100 _aErdoğdu, Aykut
245 1 0 _a15 temmuz gerçekleri/
_bAykut Erdoğdu, ... [ ve bşk.] ; yayına haz. Şükrü Küçükşahin; editör Elif Çongur
260 _aAnkara:
_bİmge kitabevi,
_c2018.
300 _a223 s.:
_c21 sm.
500 _aYapıt yazarından imzalıdır.
504 _aBibliyografik bilgi içermektedir.
650 0 _aSiyaset ve yönetim
_xTürkiye
_y2016-
_99
650 0 _9333
_aDarbeler
_x15 Temmuz darbe girişimi
_zTürkiye
650 0 _95071
_aFetö (Fethullahçı Terör Örgütü)
_xDarbe girişimi
_y15 Temmuz 2016
_zTürkiye
700 1 _92919
_aÇıray, Aytun
700 1 _93812
_aTanrıkulu, Sezgin
700 _96268
_aEmre, Zeynel
700 _96267
_aKüçükşahin, Şükrü
_eyay. haz.
700 _96269
_aÇongur, Elif
_eed.
942 _2ddc
_cBKS